La Línea de la Concepción (Cádiz) (Record no. 149205)

MARC details
000 -LEADER
campo de control de longitud fija 00706nam a2200181 i 4500
001 - NÚMERO DE CONTROL
campo de control 149205
003 - IDENTIFICADOR DE NÚMERO DE CONTROL
campo de control ES-MaACL
005 - FECHA Y HORA DE LA ÚLTIMA TRANSACCIÓN
campo de control 20230906203010.0
007 - CAMPO FIJO DE DESCRIPCIÓN FÍSICA--INFORMACIÓN GENERAL
campo de control de longitud fija t|
008 - DATOS DE LONGITUD FIJA--INFORMACIÓN GENERAL
campo de control de longitud fija 071019s1973 sp ||||1| spa d
100 1# - ENTRADA PRINCIPAL--NOMBRE DE PERSONA
Nombre de persona Vega Rodríguez, José de la.
9 (RLIN) 113620
245 13 - MENCIÓN DEL TÍTULO
Título La Línea de la Concepción (Cádiz)
Resto del título : cien años de historia 1870-1970 /
Mención de responsabilidad, etc. recopilador y ordenador de datos José de la Vega Rodríguez.
260 ## - PUBLICACIÓN, DISTRIBUCIÓN, ETC.
Lugar de publicación, distribución, etc. [Cádiz :
Nombre del editor, distribuidor, etc. Diputación Provincial,
Fecha de publicación, distribución, etc. 1973]
300 ## - DESCRIPCIÓN FÍSICA
Extensión 489 p., 5 lám., 2 plan. pleg. :
Otras características físicas il. ;
Dimensiones 25 cm.
651 #4 - PUNTO DE ACCESO ADICIONAL DE MATERIA--NOMBRE GEOGRÁFICO
Nombre geográfico La Línea de la Concepción-
Subdivisión general Historia.
9 (RLIN) 169524
710 2# - ENTRADA AGREGADA--NOMBRE DE ENTIDAD CORPORATIVA
Nombre de entidad corporativa o nombre de jurisdicción como elemento de entrada Cádiz (Provincia).
Unidad subordinada Diputación Provincial.
9 (RLIN) 2268
852 ## - LOCALIZACIÓN
Ubicación ES-MaACL
Número de control de estantería C-54714
Sublocalización o colección R.87241
Holdings
Estatus retirado Estado de pérdida Estado de daño No para préstamo Biblioteca de origen Biblioteca actual Ubicación en estantería Fecha de adquisición Fuente de adquisición Total de préstamos Signatura topográfica completa Código de barras Visto por última vez Precio de reemplazo Tipo de ítem Koha
        Biblioteca del Ateneo de Madrid Biblioteca del Ateneo de Madrid Depósito 2 17/01/2008     C-54714 1155698 23/02/2023 23/02/2023 Libro impreso